000 01231cam a2200265 4500
001 ABS63859
008 000000n2001 000 0 eng u
035 _a(Sirsi) u112417
100 _aEvers, A.
245 _aManaging agents' liabilities under environmental legislation
260 _c2001
490 _aCSM
_bChartered Surveyor Monthly
_v4 April 2001, 36(1)
520 _aDescribes the problems that can occur under the Environmental Protection Act 1990 for managing agents who collect rent on behalf of clients. Part III of the act contains no definition of an owner leading to problems with some agents finding themselves responsible for abating statutory nuisances or clearing up contaminated land. Mentions possible solutions to minimizing liability including appealing against any potentially 'unfair' judgments and reviewing the contractual arrangements with clients.
590 _aABS
650 _aSURVEYORS
650 _aMANAGING AGENTS
650 _aCONTAMINATED LAND
650 _aSTATUTORY NUISANCE
650 _aCAMDEN LBC V GUNBY
650 _aENVIRONMENTAL PROTECTION ACT 1990
650 _aCLEAN AIR ACT 1993
690 _aENVIRONMENT-ENVIRONMENTAL LAW
700 _aCuckson, D.
942 _n0
999 _c66909
_d66909